Central Library OPAC University of Rajshahi

The biology of aquatic vascular plants / (Record no. 66120)

MARC details
000 -LEADER
fixed length control field 00736nam a2200241 a 4500
001 - CONTROL NUMBER
control field 66120
003 - CONTROL NUMBER IDENTIFIER
rucl marc code BD-RjUL
005 - DATE AND TIME OF LATEST TRANSACTION
control field 20211209081513.0
008 - FIXED-LENGTH DATA ELEMENTS--GENERAL INFORMATION
fixed length control field 170314s1967 enkab b 001 0 eng
035 ## - SYSTEM CONTROL NUMBER
System control number (BD-RjUL)66250
040 ## - CATALOGING SOURCE
Original cataloging agency DLC
Transcribing agency DLC
Modifying agency DLC
-- BD-RjUL
Language of cataloging eng
041 ## - LANGUAGE CODE
Language code of text/sound track or separate title eng
082 00 - DEWEY DECIMAL CLASSIFICATION NUMBER
Classification number 581.76
Edition number 23
Author mark and year SCB 1967
100 1# - MAIN ENTRY--PERSONAL NAME
Personal name Sculthorpe, C. D.
Fuller form of name (Cyril Duncan)
9 (RLIN) 195614
245 14 - TITLE STATEMENT
Title The biology of aquatic vascular plants /
Statement of responsibility, etc. [by] C. D. Sculthorpe.
260 ## - PUBLICATION, DISTRIBUTION, ETC. (IMPRINT)
Place of publication, distribution, etc. London :
Name of publisher, distributor, etc. Edward Arnold,
Date of publication, distribution, etc. c1967 [reprint 1971]
300 ## - PHYSICAL DESCRIPTION
Pagination xviii, 610 p. ;
Illustrations ill, ;
Size 23 cm.
500 ## - GENERAL NOTE
General note Include index
504 ## - BIBLIOGRAPHY, ETC. NOTE
Bibliography, etc Bibliography: p. [523]-580.
650 #0 - SUBJECT ADDED ENTRY--TOPICAL TERM
Topical term or geographic name as entry element Aquatic plants.
9 (RLIN) 195615
942 ## - ADDED ENTRY ELEMENTS (KOHA)
Source of classification or shelving scheme Dewey Decimal Classification
Koha item type Books
Holdings
Lost status Source of classification or shelving scheme Damaged status Not for loan Collection code Permanent Location Current Location Shelving location Date acquired Source of acquisition Cost, normal purchase price Total Checkouts Full call number Date last seen Copy number Koha item type
  Dewey Decimal Classification   Not For Loan Non-fiction Central Library, University of Rajshahi Central Library, University of Rajshahi Reading Room 31/10/1970 Swets and Zeitlinger 126.00   581.76 SCB 1967 14/03/2017 C-1 Books
  Dewey Decimal Classification     Non-fiction Central Library, University of Rajshahi Central Library, University of Rajshahi   03/10/1970 Sweets and zeitlinger 126.00   581.76 SCB 1967 22/05/2017 C-2 Books
  Dewey Decimal Classification     Non-fiction Central Library, University of Rajshahi Central Library, University of Rajshahi   03/10/1970 Sweets and zeitlinger 126.00   581.76 SCB 1971 22/05/2017 C-3 Books